Modern-Day Landlocked Countries Which Once Had Coastlines - Statistics

General Stats
  • This quiz has been taken 69 times
    48 since last reset
  • The average score is 12 of 17
Answer Stats
Answer % Correct
Ethiopia
100%
Serbia
94%
Mali
91%
Bolivia
81%
Hungary
81%
Mongolia
81%
Austria
78%
Vatican City
75%
Armenia
69%
Luxembourg
63%
North Macedonia
63%
Zimbabwe
63%
Malawi
59%
Moldova
59%
Afghanistan
56%
Czechia
47%
Azerbaijan
38%
No matching quizzes found
Score Distribution
Percent of People with Each Score
Percentile by Number Answered
Your Score History
You have not taken this quiz since the last reset